<?xml version="1.0" encoding="UTF-8"?><?xml-stylesheet type="text/xsl" href="static/style.xsl"?><OAI-PMH xmlns="http://www.openarchives.org/OAI/2.0/" xmlns:xsi="http://www.w3.org/2001/XMLSchema-instance" xsi:schemaLocation="http://www.openarchives.org/OAI/2.0/ http://www.openarchives.org/OAI/2.0/OAI-PMH.xsd"><responseDate>2026-06-06T19:13:47Z</responseDate><request verb="GetRecord" identifier="oai:riuma.uma.es:10630/19802" metadataPrefix="marc">https://riuma.uma.es/rest/oai/request</request><GetRecord><record><header><identifier>oai:riuma.uma.es:10630/19802</identifier><datestamp>2026-02-03T12:27:31Z</datestamp><setSpec>com_10630_2254</setSpec><setSpec>col_10630_37959</setSpec></header><metadata><record xmlns="http://www.loc.gov/MARC21/slim" xmlns:dcterms="http://purl.org/dc/terms/" xmlns:doc="http://www.lyncode.com/xoai" xmlns:xsi="http://www.w3.org/2001/XMLSchema-instance" xsi:schemaLocation="http://www.loc.gov/MARC21/slim http://www.loc.gov/standards/marcxml/schema/MARC21slim.xsd">
   <leader>00925njm 22002777a 4500</leader>
   <datafield ind2=" " ind1=" " tag="042">
      <subfield code="a">dc</subfield>
   </datafield>
   <datafield ind2=" " ind1=" " tag="720">
      <subfield code="a">Segura, David</subfield>
      <subfield code="e">author</subfield>
   </datafield>
   <datafield ind2=" " ind1=" " tag="720">
      <subfield code="a">Khatib, Emil Jatib</subfield>
      <subfield code="e">author</subfield>
   </datafield>
   <datafield ind2=" " ind1=" " tag="720">
      <subfield code="a">Barco-Moreno, Raquel</subfield>
      <subfield code="e">author</subfield>
   </datafield>
   <datafield ind2=" " ind1=" " tag="260">
      <subfield code="c">2020-09-18</subfield>
   </datafield>
   <datafield ind2=" " ind1=" " tag="520">
      <subfield code="a">In  the  last  years,  there  is  a  growing  trend  to  automate  and  integrate  data  exchange  mechanisms  in manufacturing processes, known as Industry 4.0. The fifth generation of mobile phone technologies (5G) is  presented  as  one  of  the  main  options  through  its  service  categories.  Ultra-Reliable  and  Low  Latency Communications (URLLC) is the type of communication used by critical mechanisms, with a millisecond end-to-end delay and reduced probability of failure. In order to achieve the delay requirement, 5G defines new numerologies, with different SubCarrier Spacing (SCS) and cyclic prefix, together with mini-slots for a faster scheduling. The main challenge of this is to select the appropriate numerology according to radio conditions and packet size. In this paper, we evaluate the delay measured in the radio link, specifically, at PDCP (Packet Data Convergence Protocol) layer, for each numerology in LOS and NLOS conditions in order to asesss which of them suits better URLLC delay requirements.</subfield>
   </datafield>
   <datafield ind1="8" ind2=" " tag="024">
      <subfield code="a">https://hdl.handle.net/10630/19802</subfield>
   </datafield>
   <datafield tag="653" ind2=" " ind1=" ">
      <subfield code="a">Sistemas de comunicaciones móviles</subfield>
   </datafield>
   <datafield ind2="0" ind1="0" tag="245">
      <subfield code="a">Evaluación de numerologías 5G para URLLC</subfield>
   </datafield>
</record>
</metadata></record></GetRecord></OAI-PMH>